[Event "ITA-ch U20"]
[Site "Tarvisio"]
[Date "2023.07.05"]
[Round "4"]
[White "Barna, Marco"]
[Black "Laneve, Giulio"]
[Result "1/2-1/2"]
[WhiteElo "1778"]
[BlackElo "1973"]
[PlyCount "128"]
[EventDate "2023.07.02"]
[EventType "swiss"]
[EventRounds "9"]
[EventCountry "ITA"]
[SourceTitle "EXT 2024"]
[Source "ChessBase"]
[SourceDate "2023.10.10"]
[SourceVersion "1"]
[SourceVersionDate "2023.10.10"]
[SourceQuality "1"]

1. e4 c5 2. Nc3 d6 3. g3 Nc6 4. Bg2 g6 5. d3 Bg7 6. f4 e6 7. Nf3 Nge7 8. 0-0 Rb8 9. Ne2 b5 10. g4 h5 11. gxh5 Rxh5 12. Ng3 Rh8 13. Rb1 d5 14. Be3 d4 15. Bd2 Qb6 16. Qe2 Bd7 17. Rbe1 Kf8 18. Kh1 Re8 19. Bc1 Qc7 20. Rf2 Ng8 21. Ref1 Nf6 22. Ng5 Ne7 23. Kg1 Nh5 24. Nxh5 Rxh5 25. Bf3 Rh8 26. Bg4 c4 27. b3 Rc8 28. Ba3 Bf6 29. e5 Bg7 30. Bd6 Qa5 31. f5 gxf5 32. Bh5 Be8 33. Rxf5 exf5 34. Rxf5 Rc7 35. Rxf7+ Bxf7 36. Qf2 Bf6 37. Qxf6 Qe1+ 38. Kg2 Qd2+ 39. Kf1 Qc1+ 40. Kf2 Qd2+ 41. Kf1 Qc1+ 42. Kf2 Qxc2+ 43. Ke1 Qc1+ 44. Kf2 Qe3+ 45. Kf1 Qxd3+ 46. Be2 Qb1+ 47. Kg2 Rh7 48. Nxh7+ Qxh7 49. Bxc7 Qg7+ 50. Qxg7+ Kxg7 51. bxc4 bxc4 52. Bd8 Nf5 53. Bf6+ Kh7 54. Kf2 d3 55. Bg4 Be6 56. Bxf5+ Bxf5 57. Ke3 Kg6 58. Kd2 Kh5 59. h4 Kg4 60. a3 Be6 61. Bg5 Kf5 62. Be7 Kxe5 63. Bc5 Bf7 64. Bxa7 Kd5 1/2-1/2

[Event "Forni di Sopra op 14th"]
[Site "Forni di Sopra"]
[Date "2023.06.10"]
[Round "1"]
[White "Senthil, Maran K"]
[Black "Laneve, Giulio"]
[Result "1-0"]
[WhiteElo "2173"]
[BlackElo "1909"]
[PlyCount "37"]
[EventDate "2023.06.10"]
[EventType "swiss"]
[EventRounds "9"]
[EventCountry "ITA"]
[SourceTitle "CBM 214 Extra"]
[Source "ChessBase"]
[SourceDate "2023.07.31"]
[SourceVersion "1"]
[SourceVersionDate "2023.07.31"]
[SourceQuality "1"]

1. d4 d5 2. c4 e6 3. Nf3 Nf6 4. g3 dxc4 5. Bg2 c6 6. Ne5 Bb4+ 7. Nc3 Nd5 8. Bd2 Bxc3 9. bxc3 b5 10. e4 Nf6 11. 0-0 Bb7 12. Rb1 Nbd7 13. Nxc4 bxc4 14. Rxb7 Nb6 15. e5 Nfd5 16. Qh5 Rf8 17. Bxd5 cxd5 18. Bg5 Qc8 19. Re7+ 1-0